Možnosti odstraňovania a znovuzískavania fosforu na ČOV diplomová práca
Gespeichert in:
| 1. Verfasser: | |
|---|---|
| Format: | Buch |
| Sprache: | Slowakisch |
| Veröffentlicht: |
Bratislava
STU FCHPT
2018
|
| Online-Zugang: | Im OPAC anzeigen |
| Tags: |
Keine Tags, Fügen Sie das erste Tag hinzu!
|
MARC
| LEADER | 00000nam a2200000 a 4500 | ||
|---|---|---|---|
| 005 | 20260127134124.0 | ||
| 008 | 180713 2018 xo a 000 0 slo d | ||
| 035 | |a vtls011766758 | ||
| 039 | 9 | |y 201807131043 |z mschk03 | |
| 040 | |a STUSCHK1 |b slo |c STUSCHK1 |e AACR2 | ||
| 100 | 1 | |a Korbová, Bibiána | |
| 245 | 1 | |a Možnosti odstraňovania a znovuzískavania fosforu na ČOV |b diplomová práca |c Bibiána Korbová | |
| 260 | |a Bratislava |b STU FCHPT |c 2018 | ||
| 300 | |a 91 s. |b il. |c 25 cm | ||
| 500 | |a Študijný program: technológie ochrany životného prostredia | ||
| 500 | |a Študijný odbor: chemické technológia | ||
| 500 | |a Školiace pracovisko: Oddelenie environmentálneho inžinierstva | ||
| 500 | |a Evid. číslo: FCHPT-100568-70759 | ||
| 910 | |a SCHK95 | ||
| 999 | |c 4608 |d 4608 | ||